00883nam a2200217Ia 450000500170000000800410001702000180005808200160007624500980009225000180019030000730020849000170028150001130029865000590041170000340047026400380050433600270054233700330056933800280060204000350063020220317001547.0161108s2011 ck ao g 000 0 s  a978958762033704a720.47bA7600aArquitectura sosteniblebbases, soportes y casos demostrativoscBeatriz Garzón, compiladora a1a. edición a238 páginasbilustraciones, fotografías en blanco y negroc24 cm aArquitectura aIncluye referencias bibliográficas al final de cada capítulo. Incluye datos biográficos de los autores aArquitectura Ecologica / Arquitectura Sostenible2LEMB1 aGarzón, Beatrizecompositor aBogotábEdiciones de la Uc2011 atextobtxt2rdacontent asin mediaciónbn2rdamedia avolumenbnc2rdacarrier aCO-BoRNBPbspaerdacCO-BoRNBP